[Event "Bad Woerishofen sen"]
[Site "?"]
[Date "2002.??.??"]
[Round "9"]
[White "Limberg, Siegfried"]
[Black "Weigel, Herbert"]
[Result "1/2-1/2"]
[WhiteElo "2111"]
[BlackElo "2159"]
[Annotator "ChessOrg"]
[PlyCount "107"]
[EventDate "2002.??.??"]

1. d4 Nf6 2. Nf3 e6 3. e3 b6 4. Bd3 Bb7 5. O-O Be7 6. Nbd2 d5 7. Ne5 O-O 8. f4
c5 9. c3 Ba6 10. Bxa6 Nxa6 11. Ndf3 Nb8 12. Bd2 Ne4 13. Be1 f6 14. Ng4 Nc6 15.
Nd2 Nxd2 16. Qxd2 Qd7 17. h3 h5 18. Nh2 Rad8 19. Rd1 g6 20. Nf3 Kg7 21. Bf2 c4
22. Qc2 b5 23. a3 a5 24. e4 b4 25. axb4 axb4 26. exd5 exd5 27. Nh4 f5 28. Nf3
b3 29. Qd2 Bf6 30. Bh4 Bxh4 31. Nxh4 Rfe8 32. Nf3 Re4 33. Ng5 Re7 34. Rde1 Rde8
35. Rxe7+ Qxe7 36. Kf2 Qd6 37. Ra1 Nd8 38. Ra8 Re7 39. g3 Ne6 40. Nf3 Nc7 41.
Ra1 Ne8 42. Re1 Nf6 43. Rxe7+ Qxe7 44. Ng5 h4 45. gxh4 Ne4+ 46. Nxe4 fxe4 47.
Kg3 e3 48. Qe2 Qe4 49. Kg4 Kf6 50. Kg3 Kf7 51. Kg4 Kf6 52. Kg3 Kg7 53. Kg4 Kh6
54. Kg3 1/2-1/2

[Event "Bad Woerishofen sen"]
[Site "?"]
[Date "2002.??.??"]
[Round "9"]
[White "Koenigl, Anton"]
[Black "Leschhorn, Heinrich"]
[Result "1-0"]
[WhiteElo "1796"]
[BlackElo "1875"]
[Annotator "ChessOrg"]
[PlyCount "153"]
[EventDate "2002.??.??"]

1. e4 Nf6 2. e5 Nd5 3. Bc4 Nb6 4. Bb3 c5 5. Qe2 e6 6. Nf3 Nc6 7. c3 d5 8. d4
Be7 9. O-O O-O 10. Re1 Nd7 11. Bc2 cxd4 12. Qd3 g6 13. cxd4 Nb4 14. Qd1 Nxc2
15. Qxc2 f5 16. Bd2 Nb6 17. Ba5 Bd7 18. Nc3 g5 19. h3 g4 20. hxg4 fxg4 21. Nd2
Be8 22. Nf1 Rc8 23. Qb3 Rc4 24. Qd1 h5 25. Ne3 Rc6 26. Rc1 Bh4 27. g3 Bg5 28.
Ra1 Rf3 29. Kg2 Qe7 30. Bxb6 Rxb6 31. Qe2 Qb4 32. Ncxd5 exd5 33. Nxd5 Qxd4 34.
Nxb6 Qxb6 35. Qc2 Bg6 36. Qc8+ Rf8 37. Qc4+ Kg7 38. Qe2 Qe6 39. Rad1 Be7 40. a3
Bc5 41. Rf1 Qc6+ 42. Kh2 Be4 43. Qd2 Kg6 44. b4 Be7 45. Qe3 a6 46. Rfe1 Bf5 47.
Rc1 Qe6 48. Rc7 Bg5 49. Qc5 Rc8 50. Rd1 Rxc7 51. Qxc7 Be7 52. Qxb7 Qxe5 53.
Qxa6+ Kg5 54. Qc4 h4 55. Rd2 hxg3+ 56. fxg3 Qh8+ 57. Kg1 Qe5 58. Kf2 Be6 59.
Re2 Qf5+ 60. Qf4+ Qxf4+ 61. gxf4+ Kf6 62. Kg3 Bd6 63. Rxe6+ Kxe6 64. Kxg4 Kd7
65. f5 Kc6 66. f6 Kb5 67. Kf5 Ka4 68. Ke6 Bf8 69. Kf7 Bd6 70. Ke8 Kxa3 71. b5
Kb4 72. b6 Kb5 73. Kd7 Bf4 74. b7 Kb6 75. Kc8 Kc6 76. f7 Bd6 77. b8=Q 1-0

[Event "Bad Woerishofen sen"]
[Site "?"]
[Date "2002.??.??"]
[Round "9"]
[White "Moeckel, Edgar"]
[Black "Schratzenstaller, Albert"]
[Result "1-0"]
[WhiteElo "2049"]
[BlackElo "1744"]
[Annotator "ChessOrg"]
[PlyCount "81"]
[EventDate "2002.??.??"]

1. d4 g6 2. e4 Bg7 3. Nf3 d6 4. Bc4 c6 5. O-O b5 6. Bb3 e6 7. Qe2 a6 8. c3 Nd7
9. Bg5 Qc7 10. Nbd2 Nb6 11. Rac1 d5 12. e5 Ne7 13. Bf6 Bxf6 14. exf6 Nf5 15.
Ne5 Bb7 16. g4 Nd6 17. Bc2 O-O-O 18. b3 Nd7 19. Nxd7 Rxd7 20. Rfd1 Ne8 21. Qe5
Qd8 22. g5 h6 23. f4 hxg5 24. fxg5 Nd6 25. Nf3 Rh3 26. Kg2 Qh8 27. Rd3 Qh5 28.
Ng1 Rxd3 29. Bxd3 Ne4 30. Bxe4 dxe4 31. c4 Qg4+ 32. Kf2 Qf5+ 33. Ke3 Qxe5 34.
dxe5 b4 35. Rc2 Rd1 36. Ne2 c5 37. Nf4 Rf1 38. Rf2 Rd1 39. Nxe6 Rd3+ 40. Ke2
Rc3 41. Nxc5 1-0

[Event "Bad Woerishofen"]
[Site "?"]
[Date "2002.??.??"]
[Round "1"]
[White "Vonach, Bernd"]
[Black "Georgiev, Kiril"]
[Result "0-1"]
[WhiteElo "2080"]
[BlackElo "2655"]
[Annotator "ChessOrg"]
[PlyCount "70"]
[EventDate "2002.??.??"]

1. c4 e6 2. d4 b6 3. Nc3 Bb7 4. Nf3 Nf6 5. Qc2 c5 6. e3 Be7 7. Be2 O-O 8. O-O
cxd4 9. Nxd4 d6 10. Rd1 a6 11. e4 Qc7 12. Be3 Nbd7 13. Rac1 Rac8 14. b4 Qb8 15.
Qb1 Ne5 16. c5 dxc5 17. bxc5 Neg4 18. e5 Qxe5 19. Nf3 Bxf3 20. Bxf3 Nxe3 21.
fxe3 Bxc5 22. Ne2 Bxe3+ 23. Kh1 Bxc1 24. Rxc1 g5 25. Re1 g4 26. Ng3 Qg5 27. Be4
Rc5 28. Bxh7+ Nxh7 29. Ne4 Qg6 30. Nxc5 Qxb1 31. Rxb1 bxc5 32. Rb6 Rd8 33. h3
g3 34. Rb1 c4 35. Kg1 c3 0-1

[Event "Bad Worishofen"]
[Site "?"]
[Date "2002.??.??"]
[Round "1"]
[White "Eingorn, Viacheslav"]
[Black "Lang, Stefan"]
[Result "1-0"]
[WhiteElo "2595"]
[BlackElo "2080"]
[Annotator "ChessOrg"]
[PlyCount "125"]
[EventDate "2002.??.??"]

1. d4 Nf6 2. c4 c5 3. d5 b5 4. Nf3 d6 5. cxb5 a6 6. b6 Qxb6 7. Nc3 g6 8. e4 Bg7
9. Nd2 Nbd7 10. Be2 O-O 11. Nc4 Qc7 12. O-O Nb6 13. Ne3 e6 14. a4 exd5 15. a5
d4 16. axb6 Qb8 17. Bf3 Bb7 18. Nc4 dxc3 19. Nxd6 Ne8 20. Nxb7 cxb2 21. Bxb2
Bxb2 22. Rb1 Qxb7 23. e5 Qxb6 24. Bxa8 c4 25. Qc2 c3 26. Qxc3 Bxc3 27. Rxb6
Bxe5 28. Bd5 a5 29. Re1 Bc3 30. Re7 Kg7 31. Rb8 Nd6 32. Rxf8 Kxf8 33. Ra7 Bb4
34. Kf1 Kg7 35. Ke2 Kf6 36. f3 Kg7 37. Kd3 Kf6 38. Bb3 Kg7 39. g4 h6 40. h4 Kf6
41. Ke2 g5 42. h5 Kg7 43. Kd3 Kf6 44. Bc4 Be1 45. Rd7 Bb4 46. Kd4 a4 47. Ra7 a3
48. Ra4 Nxc4 49. Rxb4 a2 50. Ra4 Nd2 51. Ra6+ Kg7 52. Ke3 Nb3 53. Rxa2 Nc5 54.
Kd4 Ne6+ 55. Ke5 Nc5 56. Kd6 Ne6 57. Ra4 Nf8 58. Ke7 Ne6 59. Ra5 Nd4 60. Rf5
Nc6+ 61. Ke8 f6 62. Rd5 Ne5 63. Rxe5 1-0

[Event "Bad Worishofen"]
[Site "?"]
[Date "2002.??.??"]
[Round "1"]
[White "Fischer, Michael"]
[Black "Kengis, Edvins"]
[Result "0-1"]
[WhiteElo "2075"]
[BlackElo "2570"]
[Annotator "ChessOrg"]
[PlyCount "50"]
[EventDate "2002.??.??"]

1. e4 c5 2. Nf3 e6 3. d4 cxd4 4. Nxd4 a6 5. Nc3 b5 6. a3 Bb7 7. Bd3 d6 8. f4
Nd7 9. O-O Ngf6 10. Kh1 Be7 11. Qf3 Qc7 12. Bd2 Nc5 13. Rae1 O-O 14. Qg3 Rad8
15. f5 e5 16. Nf3 Rfe8 17. Bh6 Bf8 18. Bg5 Ncd7 19. h3 Rc8 20. Nh2 Be7 21. Bd2
Kh8 22. Ng4 Nh5 23. Qf3 Bh4 24. Nxe5 Ng3+ 25. Kg1 Nxe5 0-1

[Event "Bad Worishofen"]
[Site "?"]
[Date "2002.??.??"]
[Round "1"]
[White "Nevednichy, Vladislav"]
[Black "Woerl, Richard"]
[Result "1-0"]
[WhiteElo "2565"]
[BlackElo "2075"]
[Annotator "ChessOrg"]
[PlyCount "61"]
[EventDate "2002.??.??"]

1. c4 e6 2. Nc3 d5 3. d4 Nf6 4. cxd5 exd5 5. Bf4 Bd6 6. Bg3 O-O 7. e3 Ne4 8.
Nxe4 dxe4 9. Ne2 Be6 10. Bxd6 Qxd6 11. Nf4 Rd8 12. Qc2 Qb4+ 13. Qc3 Qxc3+ 14.
bxc3 Rd6 15. Be2 Nd7 16. O-O Nf6 17. c4 b6 18. a4 c5 19. a5 cxd4 20. exd4 Rc8
21. axb6 axb6 22. Nxe6 fxe6 23. Ra6 Rxd4 24. Rxb6 Rd2 25. Re1 Kf7 26. Rb7+ Kg6
27. Re7 Rc6 28. Kf1 Nd7 29. Rd1 Rxd1+ 30. Bxd1 Kf6 31. Rxd7 1-0

[Event "Bad Worishofen"]
[Site "?"]
[Date "2002.??.??"]
[Round "1"]
[White "Grosser, Walter"]
[Black "Kveinys, Aloyzas"]
[Result "0-1"]
[WhiteElo "2075"]
[BlackElo "2555"]
[Annotator "ChessOrg"]
[PlyCount "80"]
[EventDate "2002.??.??"]

1. d4 Nf6 2. Nf3 e6 3. Bg5 h6 4. Bxf6 Qxf6 5. g3 Qe7 6. c3 d6 7. Bg2 g6 8. O-O
Bg7 9. Nbd2 O-O 10. Re1 Nd7 11. e4 b6 12. e5 Bb7 13. exd6 cxd6 14. Nh4 Bxg2 15.
Kxg2 b5 16. a3 a5 17. Qe2 Rfb8 18. Nhf3 d5 19. Nf1 Qd6 20. Ne3 Nf6 21. Nc2 Qc7
22. Ne5 Ne4 23. Nd3 Nd6 24. Nc5 Re8 25. b4 Ra7 26. Qd3 Rea8 27. h4 h5 28. Re2
axb4 29. cxb4 Nc4 30. Nxe6 fxe6 31. Rxe6 Qf7 32. Rae1 Rf8 33. f4 Kh8 34. Qf3
Qf5 35. Ne3 Nxe3+ 36. Qxe3 Rfa8 37. Qe2 Rxa3 38. Qxb5 Qg4 39. R1e3 Rxe3 40.
Rxe3 Ra2+ 0-1

[Event "Bad Worishofen"]
[Site "?"]
[Date "2002.??.??"]
[Round "1"]
[White "Marin, Mihail"]
[Black "Urban, Rudolf"]
[Result "1-0"]
[WhiteElo "2550"]
[BlackElo "2075"]
[Annotator "ChessOrg"]
[PlyCount "47"]
[EventDate "2002.??.??"]

1. c4 e5 2. g3 Nf6 3. Bg2 Be7 4. Nc3 O-O 5. Nf3 d6 6. d4 Nbd7 7. O-O c6 8. e4
Re8 9. h3 Qc7 10. Be3 Nf8 11. Rc1 Bd7 12. b4 Rad8 13. Qb3 Ng6 14. d5 cxd5 15.
cxd5 Qb8 16. Nd2 Rc8 17. b5 b6 18. a4 Rc7 19. Na2 Rec8 20. Nc4 h5 21. Nb4 h4
22. Kh2 Qa8 23. Nc6 Bf8 24. Ra1 1-0

[Event "Bad Worishofen"]
[Site "?"]
[Date "2002.??.??"]
[Round "1"]
[White "Pitl, Jarno"]
[Black "Naiditsch, Arkadij"]
[Result "0-1"]
[WhiteElo "2070"]
[BlackElo "2530"]
[Annotator "ChessOrg"]
[PlyCount "52"]
[EventDate "2002.??.??"]

1. c4 Nf6 2. Nc3 e6 3. d4 Bb4 4. a3 Bxc3+ 5. bxc3 c5 6. Nf3 Nc6 7. Qc2 d5 8.
Bg5 h6 9. Bxf6 Qxf6 10. e4 Qg6 11. O-O-O dxe4 12. d5 Ne7 13. Nd2 f5 14. f3 exf3
15. Nxf3 Qf6 16. g3 e5 17. d6 Nc6 18. Bh3 Bd7 19. Rd5 O-O-O 20. Rf1 g6 21. Nd2
Qg7 22. Qa4 e4 23. Kb2 Kb8 24. Rxc5 Ne5 25. Rc7 Bxa4 26. Rxg7 Rxd6 0-1

[Event "Bad Woerishofen"]
[Site "?"]
[Date "2002.??.??"]
[Round "1"]
[White "Jenni, Florian"]
[Black "Hoennekes, Klaus"]
[Result "1-0"]
[WhiteElo "2525"]
[BlackElo "2072"]
[Annotator "ChessOrg"]
[PlyCount "61"]

1. e4 e6 2. d4 d5 3. Nc3 Nf6 4. Bg5 Be7 5. e5 Nfd7 6. Bxe7 Qxe7 7. f4 f5 8. Nf3
a6 9. Bd3 O-O 10. Ne2 c5 11. c3 Nc6 12. h3 cxd4 13. cxd4 Qb4+ 14. Kf2 Qxb2 15.
g4 Qa3 16. Rg1 Nb4 17. Bc2 Nxc2 18. Qxc2 g6 19. gxf5 exf5 20. Rg3 Qe7 21. h4
Re8 22. h5 Nf8 23. hxg6 hxg6 24. Rh1 Be6 25. Qb1 Rac8 26. Nh4 Qf7 27. Qg1 Kg7
28. Qh2 Qg8 29. Nxg6 Nxg6 30. Rxg6+ Kxg6 31. Qh6+ 1-0

[Event "Bad Worishofen"]
[Site "?"]
[Date "2002.??.??"]
[Round "1"]
[White "Bader, Gerd"]
[Black "Levin, Felix"]
[Result "0-1"]
[WhiteElo "2070"]
[BlackElo "2515"]
[Annotator "ChessOrg"]
[PlyCount "106"]
[EventDate "2002.??.??"]

1. e4 e5 2. Bc4 Nf6 3. d3 c6 4. Nf3 Be7 5. O-O d6 6. c3 O-O 7. Bb3 Nbd7 8. Nbd2
b5 9. Re1 a5 10. Nf1 a4 11. Bc2 Re8 12. d4 Bf8 13. Bg5 h6 14. Bh4 Qb6 15. h3 g6
16. g4 Bg7 17. Bg3 Nh7 18. Rb1 Bb7 19. Qd2 Ndf8 20. Rbd1 Ne6 21. dxe5 dxe5 22.
Nxe5 Neg5 23. Kg2 Bxe5 24. Bxe5 Rxe5 25. f4 Ree8 26. fxg5 Rad8 27. Qc1 Rxd1 28.
Qxd1 Nxg5 29. Qd7 Rd8 30. Qe7 c5 31. h4 Ne6 32. Qf6 Qd6 33. Qf2 Nf4+ 34. Kh1
Qe5 35. Ng3 Nd3 36. Bxd3 Rxd3 37. Re3 Rd1+ 38. Kh2 Qd6 39. Kh3 Rd2 40. Re2 Rd3
41. e5 Qe6 42. Qf6 Bc8 43. Qxe6 Bxe6 44. Kh2 Bxg4 45. Rf2 Bf3 46. h5 Kg7 47. a3
Bxh5 48. Ne4 Re3 49. Nd6 Bf3 50. Nxb5 Bd5 51. Nc7 Rxe5 52. Nxd5 Rxd5 53. Kg3 g5
0-1

[Event "Bad Worishofen"]
[Site "?"]
[Date "2002.??.??"]
[Round "1"]
[White "Pavlovic, Milos"]
[Black "Geuss, Paul"]
[Result "1-0"]
[WhiteElo "2495"]
[BlackElo "2065"]
[Annotator "ChessOrg"]
[PlyCount "69"]
[EventDate "2002.??.??"]

1. c4 e5 2. g3 c6 3. d4 Bb4+ 4. Bd2 Bxd2+ 5. Qxd2 d6 6. Nc3 Nf6 7. Bg2 O-O 8.
e3 Qe7 9. Nge2 Re8 10. h3 h5 11. O-O e4 12. f3 Bf5 13. Kh2 Nbd7 14. f4 a6 15.
d5 c5 16. Rfb1 Rab8 17. a4 a5 18. Nd1 b6 19. Nf2 Rb7 20. Nc3 Nb8 21. Qe2 Qd7
22. Rg1 g6 23. Bh1 Kg7 24. b3 Qc8 25. Qb2 Rbe7 26. Bg2 Na6 27. Bf1 Nb4 28. Re1
Qd7 29. Be2 Nd3 30. Bxd3 exd3 31. Ncd1 Qd8 32. g4 hxg4 33. hxg4 Rh8+ 34. Kg2 d2
35. Re2 1-0

[Event "Bad Woerishofen"]
[Site "?"]
[Date "2002.??.??"]
[Round "1"]
[White "Ballon, Guenther Jan"]
[Black "Schmitt, Karl"]
[Result "1/2-1/2"]
[WhiteElo "2207"]
[BlackElo "1920"]
[Annotator "ChessOrg"]
[PlyCount "50"]

1. d4 Nf6 2. c4 g6 3. Nc3 Bg7 4. e4 d6 5. f3 O-O 6. Bg5 c5 7. d5 h6 8. Be3 Na6
9. Qd2 Kh7 10. Nge2 Nc7 11. Nc1 e6 12. Be2 exd5 13. cxd5 Nd7 14. O-O a6 15. a4
b6 16. Nd3 Rb8 17. b4 c4 18. Nf2 b5 19. Ra2 f5 20. Bd4 f4 21. axb5 axb5 22.
Rfa1 Ne5 23. Ra7 Rf7 24. R1a5 Bd7 25. Kh1 Qc8 1/2-1/2

[Event "Bad Woerishofen"]
[Site "?"]
[Date "2002.??.??"]
[Round "1"]
[White "Schuetz, Robert"]
[Black "Straub, Peter"]
[Result "0-1"]
[WhiteElo "1590"]
[BlackElo "2120"]
[Annotator "ChessOrg"]
[PlyCount "104"]

1. e4 c5 2. Nf3 e6 3. d4 cxd4 4. Nxd4 Qb6 5. Nc3 Nc6 6. Nxc6 bxc6 7. Be2 d5 8.
O-O Nf6 9. exd5 cxd5 10. Bb5+ Bd7 11. Be3 Qb7 12. Qe2 a6 13. Bxd7+ Nxd7 14.
Rad1 Be7 15. Na4 Qb5 16. Nc3 Qxe2 17. Nxe2 Rc8 18. c3 O-O 19. Rfe1 Rfd8 20. Nd4
Nc5 21. Re2 Bf6 22. Nf3 Ne4 23. Bd4 Be7 24. Ne5 f6 25. Nd3 e5 26. Bb6 Rd6 27.
Ba5 Rd7 28. Bb4 a5 29. Bxe7 Rxe7 30. f3 Nc5 31. Nxc5 Rxc5 32. Red2 Rd7 33. Kf2
Kf7 34. Kg3 Ke6 35. Re2 f5 36. Rde1 e4 37. fxe4 dxe4 38. Kf4 Kf6 39. h4 h5 40.
Re3 a4 41. b4 Rc4 42. R1e2 Rd1 43. Re1 Rxe1 44. Rxe1 Rxc3 45. b5 Rc2 46. Rb1 a3
47. Rb3 Rxa2 48. Rc3 Rf2+ 49. Kg3 a2 50. Ra3 Rb2 51. Ra5 e3 52. Kf3 e2 0-1

[Event "Bad Worishofen"]
[Site "?"]
[Date "2002.??.??"]
[Round "1"]
[White "Hartung, Thomas"]
[Black "Khurtsidze, Nino"]
[Result "0-1"]
[WhiteElo "2060"]
[BlackElo "2430"]
[Annotator "ChessOrg"]
[PlyCount "68"]
[EventDate "2002.??.??"]

1. e4 c5 2. Nf3 e6 3. d4 cxd4 4. Nxd4 Nc6 5. c4 Nf6 6. Nc3 Bb4 7. Nxc6 bxc6 8.
Bd3 e5 9. O-O Bc5 10. Kh1 d6 11. f4 Ng4 12. Qe1 exf4 13. Bxf4 g5 14. Bg3 Qe7
15. e5 Nxe5 16. Bxe5 Qxe5 17. Be4 Bd7 18. Rf5 Bxf5 19. Bxc6+ Ke7 20. Nd5+ Kf8
21. Bxa8 Kg7 22. Bc6 Qxb2 23. Ne7 Be6 24. Rb1 Qe5 25. Qf1 Qf6 26. Nd5 Qxf1+ 27.
Rxf1 Rb8 28. h3 Rb2 29. a4 Rc2 30. Bb5 h5 31. Kh2 h4 32. Kh1 Bf5 33. Be8 f6 34.
Kh2 Be4 0-1

[Event "Bad Worishofen"]
[Site "?"]
[Date "2002.??.??"]
[Round "1"]
[White "Kunin, Vitaly"]
[Black "Wallhof, Dieter"]
[Result "1-0"]
[WhiteElo "2420"]
[BlackElo "2060"]
[Annotator "ChessOrg"]
[PlyCount "63"]
[EventDate "2002.??.??"]

1. d4 Nf6 2. c4 e6 3. Nf3 b6 4. e3 Bb7 5. Bd3 Bb4+ 6. Bd2 Qe7 7. O-O O-O 8. Nc3
d6 9. b3 c5 10. a3 Bxc3 11. Bxc3 Nbd7 12. Ra2 Rfd8 13. Ba1 Rac8 14. Re1 d5 15.
Qe2 Ne4 16. Nd2 cxd4 17. exd4 Nxd2 18. Qxd2 Nf8 19. Qe3 Ng6 20. f4 dxc4 21.
bxc4 Qd6 22. Rf2 Rc7 23. h4 Nf8 24. h5 Qd7 25. h6 f6 26. f5 e5 27. hxg7 Kxg7
28. dxe5 Qxd3 29. exf6+ Kf7 30. Qe7+ Rxe7 31. Rxe7+ Kg8 32. f7# 1-0

[Event "Bad Woerishofen"]
[Site "?"]
[Date "2002.??.??"]
[Round "1"]
[White "Gorecki, Zbigniew"]
[Black "Werner, Clemens"]
[Result "0-1"]
[WhiteElo "2051"]
[BlackElo "2393"]
[Annotator "ChessOrg"]
[PlyCount "80"]

1. d4 d6 2. c4 e5 3. dxe5 dxe5 4. Qxd8+ Kxd8 5. Nf3 f6 6. Nc3 c6 7. Bd2 Be6 8.
e3 Nh6 9. Rd1 Nd7 10. Bd3 Kc7 11. O-O Nc5 12. Be2 a5 13. b3 Be7 14. Bc1 Nf7 15.
Ba3 Rhe8 16. Bxc5 Bxc5 17. Bd3 f5 18. Na4 Bb4 19. e4 f4 20. c5 Rad8 21. Bc4
Bxc4 22. bxc4 g5 23. g4 fxg3 24. fxg3 g4 25. Nh4 Rxd1 26. Rxd1 Ng5 27. Nf5 Nxe4
28. Ng7 Re7 29. Nf5 Rd7 30. Rxd7+ Kxd7 31. Nh6 Nxc5 32. Nxc5+ Bxc5+ 33. Kf1 Ke6
34. a4 b5 35. cxb5 cxb5 36. Ke2 bxa4 37. Kd3 a3 38. Kc2 a2 39. Kb2 e4 40. Nxg4
h5 0-1

[Event "Bad Woerishofen"]
[Site "?"]
[Date "2002.??.??"]
[Round "1"]
[White "Gawehns, Klaus"]
[Black "Pimmingstorfer, Chr."]
[Result "1-0"]
[WhiteElo "2385"]
[BlackElo "2050"]
[Annotator "ChessOrg"]
[PlyCount "65"]

1. b3 c5 2. Bb2 Nf6 3. e3 g6 4. Bxf6 exf6 5. c4 Bg7 6. Nc3 O-O 7. g3 Nc6 8. Bg2
Nb4 9. Qb1 Rb8 10. Nge2 a6 11. a3 Nc6 12. b4 d6 13. bxc5 Be6 14. d3 dxc5 15.
O-O f5 16. Qc2 Qa5 17. Rab1 Rfc8 18. Na4 Nd8 19. Nb6 Rc7 20. Rb3 Nc6 21. Rfb1
g5 22. Nc3 Bxc3 23. Rxc3 Nb4 24. axb4 Qxb6 25. bxc5 Qxc5 26. d4 Qe7 27. d5 Bd7
28. c5 Qe5 29. f4 gxf4 30. gxf4 Qf6 31. Rb6 Qd8 32. e4 Rxc5 33. Rg3+ 1-0

[Event "Bad Woerishofen"]
[Site "?"]
[Date "2002.??.??"]
[Round "1"]
[White "Willin, Bernhard"]
[Black "Hermann, Manfred"]
[Result "0-1"]
[WhiteElo "2050"]
[BlackElo "2340"]
[Annotator "ChessOrg"]
[PlyCount "68"]

1. d4 d5 2. Nf3 Nf6 3. c4 dxc4 4. Nc3 c6 5. a4 Bf5 6. e3 e6 7. Bxc4 Bb4 8. O-O
O-O 9. Qe2 Nbd7 10. h3 Ne4 11. Na2 Bd6 12. b4 a5 13. b5 cxb5 14. Bxb5 Rc8 15.
Bb2 Ng3 16. fxg3 Rc2 17. Qe1 Rxb2 18. e4 Bg6 19. Qc3 Rxb5 20. axb5 Bxe4 21. Nc1
Bb4 22. Qe3 Nf6 23. Nd3 Bc3 24. Ra3 Bxf3 25. Qxf3 Bxd4+ 26. Kh1 Qb6 27. Nf4
Qxb5 28. Rb3 Qa6 29. Rxb7 e5 30. Nd5 e4 31. Nxf6+ Bxf6 32. Qxe4 Qxf1+ 33. Kh2
Qd1 34. Ra7 Bd4 0-1

[Event "Bad Woerishofen"]
[Site "?"]
[Date "2002.??.??"]
[Round "1"]
[White "Heika, Martin"]
[Black "Lang, Andreas"]
[Result "1-0"]
[WhiteElo "2339"]
[BlackElo "2041"]
[Annotator "ChessOrg"]
[PlyCount "57"]

1. e4 c5 2. c3 Nf6 3. e5 Nd5 4. d4 cxd4 5. Nf3 Nc6 6. Bc4 Nb6 7. Bb3 d6 8. exd6
Qxd6 9. O-O h5 10. cxd4 Bg4 11. Nc3 f6 12. Nb5 Qd7 13. Bf4 g5 14. Nc7+ Kd8 15.
Nxa8 Nxa8 16. Bd2 Nc7 17. h3 Be6 18. Bxe6 Qxe6 19. d5 Nxd5 20. Nd4 Qd7 21.
Nxc6+ bxc6 22. Rc1 e6 23. Qc2 c5 24. Rfd1 Bd6 25. Be3 Nxe3 26. fxe3 Ke7 27. Qg6
Rc8 28. Qg7+ Ke8 29. Qxf6 1-0

[Event "Bad Woerishofen"]
[Site "?"]
[Date "2002.??.??"]
[Round "1"]
[White "Doleschal, Johannes"]
[Black "Dittmar, Peter"]
[Result "0-1"]
[WhiteElo "2040"]
[BlackElo "2330"]
[Annotator "ChessOrg"]
[PlyCount "74"]

1. e4 e6 2. d4 d5 3. Nd2 c5 4. exd5 exd5 5. dxc5 Bxc5 6. Nb3 Bb6 7. Nf3 Ne7 8.
Bd3 Nbc6 9. O-O O-O 10. Re1 Nf5 11. c3 h6 12. Qc2 Qf6 13. a4 a5 14. Re2 Be6 15.
Bb5 Rac8 16. Qd1 Rfd8 17. Bxc6 bxc6 18. Nbd4 Nxd4 19. Nxd4 Bg4 20. f3 Bh5 21.
Rd2 Re8 22. b3 Re5 23. Bb2 Rce8 24. Qf1 Re3 25. Rad1 Bg6 26. c4 Rxb3 27. Ba1
Ra3 28. Bb2 Ra2 29. Bc3 Rxd2 30. Rxd2 Re3 31. Ba1 Qe5 32. Kf2 Ra3 33. cxd5 Qe3+
34. Kg3 Qxd2 35. Nxc6 Bf2+ 36. Qxf2 Qg5+ 37. Kh3 Bf5+ 0-1

[Event "Bad Woerishofen"]
[Site "?"]
[Date "2002.??.??"]
[Round "1"]
[White "Phildius, Bernhard"]
[Black "Klaus, Daniel"]
[Result "1-0"]
[WhiteElo "2330"]
[BlackElo "2038"]
[Annotator "ChessOrg"]
[PlyCount "91"]

1. e4 e6 2. d3 d5 3. Nd2 Nf6 4. Ngf3 c5 5. g3 Nc6 6. Bg2 Be7 7. O-O O-O 8. Re1
b5 9. Qe2 Qb6 10. e5 Nd7 11. Nf1 c4 12. h4 Ba6 13. N1h2 Rac8 14. Ng4 cxd3 15.
cxd3 Nb4 16. Be3 Qb8 17. Nd4 h5 18. Nh6+ gxh6 19. Bxh6 Qxe5 20. Qxe5 Nxe5 21.
Bxf8 Kxf8 22. Rxe5 Bf6 23. Nf3 Bxe5 24. Nxe5 Ke7 25. Bf3 Kf6 26. d4 Nc2 27. Rd1
Nxd4 28. Nd7+ Ke7 29. Bxh5 Kxd7 30. Rxd4 f5 31. Rd2 Ke7 32. f4 Kf6 33. Be2 Rc6
34. Kf2 b4 35. Bf3 Bb5 36. h5 a5 37. g4 fxg4 38. Bxg4 a4 39. Ke3 Bc4 40. Bd1
Bxa2 41. Bxa4 Rb6 42. Bc2 e5 43. Rg2 exf4+ 44. Kxf4 Kf7 45. b3 Kf8 46. Rg6 1-0

[Event "Bad Woerishofen"]
[Site "?"]
[Date "2002.??.??"]
[Round "1"]
[White "Neumann, Peter"]
[Black "Buchner, Rudolf"]
[Result "0-1"]
[WhiteElo "2038"]
[BlackElo "2296"]
[Annotator "ChessOrg"]
[PlyCount "90"]

1. e4 e5 2. Nf3 Nc6 3. d4 exd4 4. Nxd4 Nf6 5. Bg5 d6 6. Nc3 Be7 7. f4 h6 8.
Bxf6 Bxf6 9. Nxc6 bxc6 10. Qf3 O-O 11. O-O-O Bd7 12. g4 Rb8 13. h4 Qc8 14. Be2
Qb7 15. b3 Bxg4 16. Qxg4 Bxc3 17. Rd3 Qb4 18. Rg1 f5 19. exf5 Qa3+ 20. Kd1 Qb2
21. Rxc3 Qxc3 22. Bd3 Rbe8 23. Qg3 Qd4 24. c3 Qf6 25. Kc2 Re7 26. Qf2 Ref7 27.
Rg6 Qe7 28. h5 Rf6 29. Rxf6 Qxf6 30. Qxa7 Qf7 31. Qb7 Qxh5 32. Qxc6 Kh8 33. b4
Qf7 34. a4 h5 35. a5 h4 36. Qf3 d5 37. Qg4 Qf6 38. a6 c6 39. b5 c5 40. b6 c4
41. Bf1 Qxb6 42. Qxh4+ Kg8 43. Qe7 Qxa6 44. Bh3 Qa2+ 45. Kc1 Rb8 0-1

[Event "Bad Woerishofen"]
[Site "?"]
[Date "2002.??.??"]
[Round "1"]
[White "Rueberg, Jobst"]
[Black "Weiland, Guenter"]
[Result "1-0"]
[WhiteElo "2295"]
[BlackElo "2038"]
[Annotator "ChessOrg"]
[PlyCount "59"]

1. e4 g6 2. d4 Bg7 3. Nc3 d6 4. Be3 a6 5. Qd2 b5 6. O-O-O Bb7 7. Bd3 Nd7 8. Kb1
Ngf6 9. Bh6 Bxh6 10. Qxh6 b4 11. Nce2 Bxe4 12. Bxe4 Nxe4 13. Nh3 Nef6 14. Rhe1
Nb6 15. Nef4 Qd7 16. Qg7 O-O-O 17. Qxf7 e5 18. Qxf6 exf4 19. Qxf4 Rhf8 20. Qh4
Rde8 21. Ng5 Nd5 22. Rxe8+ Rxe8 23. Qh3 h6 24. Qxh6 Qb5 25. Qh3+ Kb8 26. Qd3
Qb6 27. Ka1 Nf4 28. Qf3 Rf8 29. Nh3 Ne6 30. Qe4 1-0

[Event "Bad Woerishofen"]
[Site "?"]
[Date "2002.??.??"]
[Round "1"]
[White "Lamberger, Werner"]
[Black "Olarasu, Gabriela"]
[Result "0-1"]
[WhiteElo "2034"]
[BlackElo "2293"]
[Annotator "ChessOrg"]
[PlyCount "70"]

1. c4 e5 2. g3 Nf6 3. Bg2 d5 4. cxd5 Nxd5 5. Nf3 Nc6 6. O-O Be7 7. d3 O-O 8.
Nbd2 Nb6 9. a3 Be6 10. b4 f6 11. Bb2 Qd7 12. Rc1 a5 13. b5 Na7 14. a4 c6 15. d4
cxb5 16. axb5 Qxb5 17. Ba1 Nc6 18. Rb1 Qa6 19. e4 exd4 20. Nxd4 Nxd4 21. Bxd4
Bb4 22. Qh5 Rad8 23. Nf3 Nd7 24. e5 Nxe5 25. Bxe5 fxe5 26. Nxe5 Rd4 27. Nf3 Bf7
28. Qe5 Rd5 29. Qb2 Qd6 30. h4 h6 31. Qa1 b6 32. Rbd1 Rxd1 33. Rxd1 Qc7 34. Rc1
Bc5 35. Ne5 Bb3 0-1

[Event "Bad Woerishofen"]
[Site "?"]
[Date "2002.??.??"]
[Round "1"]
[White "Heinig, Wolfram"]
[Black "Neubauer, Ralf"]
[Result "1/2-1/2"]
[WhiteElo "2287"]
[BlackElo "2030"]
[Annotator "ChessOrg"]
[PlyCount "137"]

1. d4 d5 2. c4 dxc4 3. e4 Nf6 4. e5 Nd5 5. Bxc4 e6 6. Nf3 Nb6 7. Bd3 Nc6 8. O-O
Bd7 9. a3 Be7 10. Nc3 h6 11. Be3 Na5 12. Nd2 a6 13. Rc1 O-O 14. Bxh6 gxh6 15.
Qg4+ Bg5 16. h4 f5 17. exf6 Qxf6 18. hxg5 Qxg5 19. Qxg5+ hxg5 20. Nce4 Nd5 21.
Nxg5 Nc6 22. Ndf3 Rf4 23. Be4 Rg4 24. Rfe1 Rf8 25. Bxd5 exd5 26. Ne5 Rxg5 27.
Nxd7 Rf7 28. Ne5 Rfg7 29. Nxc6 Rxg2+ 30. Kf1 bxc6 31. Ke2 Rf7 32. Rf1 Rf6 33.
Rc3 Re6+ 34. Re3 Kf7 35. Rh1 Rxe3+ 36. Kxe3 Ke6 37. Rh8 Rg4 38. Ra8 Re4+ 39.
Kd3 Rf4 40. Rxa6 Rxf2 41. Rxc6+ Kd7 42. Rc2 Rf3+ 43. Kd2 Rb3 44. Kc1 Rd3 45.
Rd2 Rh3 46. Kc2 Kc6 47. Rd3 Rh2+ 48. Kc3 Kb5 49. Kb3 c6 50. Rg3 Rh6 51. Kc3 Rh8
52. b3 Rh1 53. a4+ Kb6 54. Kb4 Rc1 55. Rc3 Ra1 56. a5+ Kb7 57. Rh3 Rc1 58. Rc3
Ra1 59. Rc2 Kc7 60. Rh2 Kb7 61. Kc5 Rxa5+ 62. Kd6 Ra1 63. Rh7+ Kb6 64. Rh8 Kb7
65. Rh7+ Kb6 66. Rc7 Rc1 67. Rc8 Kb7 68. Rc7+ Kb6 69. Rc8 1/2-1/2

[Event "Bad Woerishofen"]
[Site "?"]
[Date "2002.??.??"]
[Round "1"]
[White "Stojadinovic, Tomislav"]
[Black "Zach, Andreas"]
[Result "1-0"]
[WhiteElo "2030"]
[BlackElo "2277"]
[Annotator "ChessOrg"]
[PlyCount "55"]

1. e4 e6 2. d4 d5 3. Nc3 Nf6 4. Bg5 Be7 5. Nf3 Nxe4 6. Nxe4 dxe4 7. Bxe7 Qxe7
8. Nd2 f5 9. Bb5+ Nd7 10. c3 O-O 11. h4 Nf6 12. Qe2 a6 13. Ba4 b5 14. Bc2 e5
15. dxe5 Qxe5 16. Nf3 Qe8 17. Ng5 c5 18. a4 Bb7 19. O-O-O h6 20. Rd6 Qe5 21.
Qd2 hxg5 22. hxg5 Nd5 23. Rd7 Bc6 24. f4 Nxf4 25. g3 e3 26. Qh2 Ne2+ 27. Kb1
Bxh1 28. g6 1-0